000
00258nam a22001097a 4500
082
_a
005.44 KAN'C
100
_a
KANTARIS, NOEL
_9
60836
245
_a
A CONCISE INTRODUCTION TO WINDOWS 3.0
260
_a
NEW DELHI
_b
ARNOLD
_c
1991
300
_a
120P
942
_c
BK
999
_c
570462
_d
570462